Flipper (Registro nro. 1157)
[ vista simple ]
| 000 -CABECERA | |
|---|---|
| fixed length control field | 00869nam a22002297a 4500 |
| 003 - CONTROL NUMBER IDENTIFIER | |
| control field | AR-BeUNQ |
| 005 - FECHA Y HORA DE LA ULTIMA TRANSACCION | |
| control field | 20241213150807.0 |
| 008 - ELEMENTOS DE LONGITUD FIJA-INFORMACION GENERAL | |
| fixed length control field | 241213b |||||||| |||| 00| 0 spa d |
| 040 ## - FUENTE DE CATALOGACION | |
| Agencia de catalogación original | AR-BeUNQ |
| Idioma de catalogación | ESPAÑOL |
| Agencia que realiza la transcripción | AR-BeUNQ |
| Convenciones de la descripción | aacr |
| 082 ## - NUMERO DE CLASIFICACION DECIMAL DEWEYMBER | |
| Número de la edición | 21 |
| Número de clasificación | A863 DEC |
| 100 ## - ASIENTO PRINCIPAL-NOMBRE PERSONAL | |
| Nombre personal | Decarli, Flipper |
| Títulos u otras palabras asociadas al nombre | aut. |
| Fecha asociada al nombre | 1973 |
| 245 ## - MENCION DE TITULO | |
| Título | Flipper |
| Mención de responsabilidad, etc | Enrique Decarli |
| Medio físico | libro |
| 250 ## - MENCION DE EDICION | |
| Mención de edición | 1a.ed |
| 260 ## - PUBLICACION, DISTRIBUCION, ETC. | |
| Lugar de publicación, distribución, etc. | Ciudad Autónoma de Buenos Aires : |
| Nombre del editor, distribuidor, etc. | Paisanita Editora, |
| Fecha de publicación, distribución, etc | 2023 |
| 300 ## - DESCRIPCION FISICA | |
| Extensión | 80 p. ; |
| Dimensiones | 22x13 cm |
| 490 ## - MENCION DE SERIE | |
| Mención de serie | Identidades Bonaerenses |
| 500 ## - NOTA GENERAL | |
| Nota general | Amparado. El fin del mundo. Dura Lex. Heavy metal de autoyuda. Tarjetas de texto impreso. Gatos. Siete cigarrillos póstumos. Museo. . |
| 650 ## - ASIENTO SECUNDARIO DE MATERIA - TERMINO TEMATICO | |
| Fuente del encabezamiento o términ | telll |
| Término temático o nombre geográfico como elemento de entrada | Narrativa argentina. |
| 651 ## - ASIENTO SECUNDARIO DE MATERIA - NOMBRE GEOGRAFICO | |
| Fuente del encabezamiento o término | unecot |
| Nombre geográfico | Argentins. |
| 929 ## - DATOS DE ADQUISICION | |
| Procedencia | DONACION |
| Proveedor | Minsiterio de Educación de la Pcia de Buenos Aires |
| Orden de compra | 0 |
| Precio | 0 |
| Fecha de recibido | 05/11/2024 |
| Patrimonio UNQ | PAT0082584 |
| Número de Pase u otro número de Donación | 31 |
| Número de inventario | 62872 |
| 942 ## - ELEMENTOS DE PUNTO DE ACCESO ADICIONAL (KOHA) | |
| Tipo de ítem Koha | Libros |
| Estado de retiro | Estado de pérdida | Ubicación permanente | Ubicación actual | Ubicación en estantería | Fecha de ingreso | Total Checkouts | Signatura topográfica completa | Inventario | Date last seen | Tipo de ítem Koha | Operador |
|---|---|---|---|---|---|---|---|---|---|---|---|
| Biblioteca ESET - UNQ | Biblioteca ESET - UNQ | CIRCULACION | 13/12/2024 | A863 DEC | 62872 | 13/12/2024 | Libros | Gladys Alarcon |